LEADER 04691nam 2200709 450 001 9910460613003321 005 20210421193144.0 010 $a3-11-036855-2 010 $a3-11-039263-1 024 7 $a10.1515/9783110368550 035 $a(CKB)3710000000393007 035 $a(EBL)1692426 035 $a(SSID)ssj0001459315 035 $a(PQKBManifestationID)11822125 035 $a(PQKBTitleCode)TC0001459315 035 $a(PQKBWorkID)11456694 035 $a(PQKB)11395837 035 $a(MiAaPQ)EBC1692426 035 $a(DE-B1597)429101 035 $a(OCoLC)906058496 035 $a(OCoLC)961517823 035 $a(DE-B1597)9783110368550 035 $a(Au-PeEL)EBL1692426 035 $a(CaPaEBR)ebr11049252 035 $a(CaONFJC)MIL807071 035 $a(OCoLC)907442662 035 $a(EXLCZ)993710000000393007 100 $a20141218h20152015 uy| 0 101 0 $aeng 135 $aur|nu---|u||u 181 $ctxt 182 $cc 183 $acr 200 00$aLiterature and human rights $ethe law, the language and the limitations of human rights discourse /$fedited by Ian Ward 210 1$aBerlin ;$aBoston :$cDe Gruyter,$d[2015] 210 4$d©2015 215 $a1 online resource (342 p.) 225 1 $aLaw & literature ;$vVolume 9 300 $aDescription based upon print version of record. 311 $a3-11-055302-3 311 $a3-11-037410-2 320 $aIncludes bibliographical references and index. 327 $tFront matter --$tContents --$tLiterature and Human Rights: Interdisciplinary Reflections on the Law, the Language and the Limitations of Human Rights Discourse --$tEmpathy, Literature and Human Rights: The Case of Elliot Perlman, The Street Sweeper /$rPorsdam, Helle --$tPrivacy, Blighted Lives, and a Blindspot in British Law /$rMullender, Richard --$tA Squeamishness about Existing: Fernando Pessoa's Quiet Rejection of the Human in The Book of Disquiet /$rAristodemou, Maria --$tI and Another: Rethinking the Subject of Human Rights with Dostoyevsky, Bakhtin and Simondon /$rBaldissone, Riccardo --$tDehumanizing the Enemy: How to Avoid Human Rights /$rCarpi, Daniela --$tAm I not a man and a brother? /$rBellman, Patrizia Nerozzi --$tMental Illness and Human Rights in Patrick McGrath's Asylum /$rBattisti, Chiara --$tThe Role of Forensics in Human Rights Discourse: Kathy Reichs's Crime Fiction and the Rights of the Dead /$rFiorato, Sidia --$tRumpole and the Rights of Accused Terrorists /$rDoerr, Roxanne Barbara --$tReality, Theatre and Human Rights /$rDente, Carla --$tThe Rights and Wrongs of Marriage: Article 16.2 UDHR and the Case of Edith Dombey /$rWard, Ian --$tManju Kapur's Difficult Daughters and the Cause of Female Literacy in India /$rCarbone, Paola --$tThe Trial of Jomo Kenyatta, by Montagu Slater: Oral Tradition and Fundamental Rights in the Trial /$rLanzoni, Lisa --$t'n Droë Wit Seisoen in die Stormkaap: André Brink and the Fundamental Rights of the Afrikaners in Apartheid South Africa /$rNicolini, Matteo --$tThe Definition of "Linguistic Minority" /$rTomaselli, Alessandra / Panzeri, Lino --$tRights of Humans/Rights of Nature: The Language of Environmental Rights in UN Documents /$rAdami, Valentina --$tOn Crimes, Punishments, and Words: Legal and Language Issues in Cesare Beccaria's Works /$rLogaldo, Mara --$tDignity and Disgrace in Law and Literature /$rGaakeer, Jeanne --$tContributors --$tIndex 330 $aThe idea of human rights is not new. But the importance of taking rights seriously has never been more urgent. The eighteen essays which comprise Literature and Human Rights are written as a contribution to this vital debate. Each moreover is written in the spirit of interdisciplinarity, reaching across the myriad constitutive disciplines of law, literature and the humanities in order to present an array of alternative perspectives on the nature and meaning of human rights in the modern world. The taking of human rights seriously, it will be suggested, depends just as much on taking seriously the idea of the human as it does the idea of rights. 410 0$aLaw & literature (De Gruyter) ;$vVolume 9. 606 $aHuman rights in literature 606 $aLaw and literature 606 $aHuman rights$xLanguage 608 $aElectronic books. 615 0$aHuman rights in literature. 615 0$aLaw and literature. 615 0$aHuman rights$xLanguage. 676 $a809/.933581 686 $aEC 2460$2rvk 702 $aWard$b Ian$f1963- 801 0$bMiAaPQ 801 1$bMiAaPQ 801 2$bMiAaPQ 906 $aBOOK 912 $a9910460613003321 996 $aLiterature and human rights$92485920 997 $aUNINA LEADER 01042nam0-2200349---450 001 990002883880203316 005 20220601121046.0 035 $a000288388 035 $aUSA01000288388 035 $a(ALEPH)000288388USA01 035 $a000288388 100 $a20070319d1958----km-y0itaa50------ba 101 0 $afre 102 $aBE 105 $a||||z|||001fy 200 1 $aAns de Grâce$epoèmes 1923-1957$fPierre Nothomb 210 $aBruxelles$cEditions Universitaires$dcopyr. 1958 215 $a289 p.$d20 cm 676 $a949.3 700 1$aNOTHOMB,$bPierre$f<1887-1966>$0257397 801 0$aIT$bsalbc$gISBD 912 $a990002883880203316 951 $aXV.4.A. 965$b191990 L.M.$cXV.4.A. 951 $aXV.4.A. 965a$b185561 L.M.$cXV.4.A.$d00185724 959 $aBK 969 $aFF 979 $aSENATORE$b90$c20070319$lUSA01$h1652 979 $aMARIAS$b90$c20081210$lUSA01$h0948 979 $aMARIAS$b90$c20081210$lUSA01$h0957 979 $aMARIAS$b90$c20100520$lUSA01$h1019 996 $aAns de Grâce$9990864 997 $aUNISA LEADER 02263nas 2200757-a 450 001 996210412703316 005 20231101151458.0 011 $a1557-4679 035 $a(OCoLC)61310760 035 $a(CKB)2670000000395097 035 $a(CONSER)--2005214239 035 $a(DE-599)ZDB2239443-6 035 $a(EXLCZ)992670000000395097 100 $a20050822a20059999 s-- a 101 0 $aeng 135 $aurcnu|||||||| 181 $ctxt$2rdacontent 182 $cc$2rdamedia 183 $acr$2rdacarrier 200 04$aThe international journal of biostatistics 210 $aBerkeley, CA $cBerkeley Electronic Press$d©2005- 210 3 $aBerlin $cWalter de Gruyter 215 $a1 online resource 300 $aRefereed/Peer-reviewed 300 $aTitle from journal home page (publisher's Web site, viewed Aug. 22, 2005). 300 $a"Articles are published as soon as they are ready." 311 $a2194-573X 531 $aIJB 531 $aINT J BIOSTAT 531 $aINT. J. BIOSTAT 531 10$aInt J Biostat 606 $aBiometry$vPeriodicals 606 $aMedical statistics$vPeriodicals 606 $aBiometry$xMethodology$vPeriodicals 606 $aBiometry 606 $aBiometry 606 $aBiométrie$vPériodiques 606 $aStatistique médicale$vPériodiques 606 $aBiométrie$xMéthodologie$vPériodiques 606 $aBiométrie 606 $abiometrics$2aat 606 $aBiometry$2fast$3(OCoLC)fst00832611 606 $aMedical statistics$2fast$3(OCoLC)fst01014672 608 $aPeriodical 608 $aFulltext. 608 $aInternet Resources. 608 $aPeriodicals. 608 $aPeriodicals.$2lcgft 608 $aPeriodicals.$2fast 615 0$aBiometry 615 0$aMedical statistics 615 0$aBiometry$xMethodology 615 0$aBiometry. 615 12$aBiometry 615 6$aBiométrie 615 6$aStatistique médicale 615 6$aBiométrie$xMéthodologie 615 6$aBiométrie. 615 7$abiometrics. 615 7$aBiometry. 615 7$aMedical statistics. 676 $a574 906 $aJOURNAL 912 $a996210412703316 996 $aThe international journal of biostatistics$92421175 997 $aUNISA